Welcome to CU Library Online Public Access Catalogue (OPAC)

THEORY AND PRACTICE OF JOURNALISM (Record no. 1677)

MARC details
000 -LEADER
fixed length control field 00379nam a22001457a 4500
005 - DATE AND TIME OF LATEST TRANSACTION
control field 20241128095900.0
008 - FIXED-LENGTH DATA ELEMENTS--GENERAL INFORMATION
fixed length control field 241128b |||||||| |||| 00| 0 eng d
050 ## - LIBRARY OF CONGRESS CALL NUMBER
Classification number PN4731.
Item number A33 AHU
100 ## - MAIN ENTRY--PERSONAL NAME
Personal name AHUJA, B.N.
245 ## - TITLE STATEMENT
Title THEORY AND PRACTICE OF JOURNALISM
260 ## - PUBLICATION, DISTRIBUTION, ETC.
Place of publication, distribution, etc. KAMLA NAGAR
Name of publisher, distributor, etc. SURJEET PUBLICATIONS
Date of publication, distribution, etc. 2008
300 ## - PHYSICAL DESCRIPTION
Extent 375P
500 ## - GENERAL NOTE
General note BIBLIOGRAPHY
942 ## - ADDED ENTRY ELEMENTS (KOHA)
Source of classification or shelving scheme Library of Congress Classification
Koha item type Books
Suppress in OPAC No
999 ## -
-- 1677
-- 1677
Holdings
Withdrawn status Lost status Source of classification or shelving scheme Damaged status Not for loan Collection Home library Current library Shelving location Date acquired Total checkouts Full call number Barcode Date last seen Copy number Price effective from Koha item type
    Library of Congress Classification     Non-fiction Undergraduate Library (Christ Temple) Undergraduate Library (Christ Temple) General stacks 11/28/2024   PN4731.A33 AHU ulct00000398 11/28/2024 1 11/28/2024 Books
    Library of Congress Classification     Non-fiction Undergraduate Library (Christ Temple) Undergraduate Library (Christ Temple) General stacks 11/28/2024   PN4731.A33 AHU ulct00000399 11/28/2024 2 11/28/2024 Books
© 2023-2024 Copyright: Central University Libraries. All Rights Reserved | Created by: Mahone Tech Office